[Event "Nova Gorica op 28th"]
[Site "Nova Gorica"]
[Date "2024.02.01"]
[Round "8"]
[White "Centrih, Aleks"]
[Black "Mazzi, Leonardo"]
[Result "1-0"]
[WhiteElo "2082"]
[BlackElo "1647"]
[PlyCount "119"]
[EventDate "2024.01.26"]
[EventType "swiss"]
[EventRounds "9"]
[EventCountry "SLO"]
[SourceTitle "CB06_2024"]
[SourceDate "2024.02.07"]
[SourceVersion "1"]
[SourceVersionDate "2024.02.07"]
[SourceQuality "1"]

1. e4 c5 2. Nf3 d6 3. Bc4 a6 4. d3 e6 5. 0-0 Be7 6. c3 b5 7. Bb3 Nf6 8. Re1 Bb7 9. Nbd2 Nbd7 10. a4 0-0 11. Bc2 Qc7 12. Nf1 Rfc8 13. h3 Ne5 14. Ng3 h6 15. Nh2 Bf8 16. f4 Nc6 17. Rf1 d5 18. e5 Nd7 19. Qg4 d4 20. Nf3 Re8 21. Ne4 Qd8 22. Bd2 Rc8 23. axb5 axb5 24. Be1 Rc7 25. Bh4 Qb8 26. Rae1 b4 27. c4 Ne7 28. Ba4 Bc6 29. Bxc6 Rxc6 30. Bxe7 Rxe7 31. Ra1 Re8 32. Ra5 Qc7 33. Rfa1 Rb6 34. Nfd2 Rc8 35. Nb3 Rb7 36. Qf3 Qc6 37. Kh1 Rb6 38. Kh2 Qc7 39. Ra7 Qd8 40. Qg4 Kh8 41. Qh5 Kg8 42. Nbd2 Rc7 43. R7a5 Rc8 44. Nf3 g6 45. Qg4 Be7 46. h4 h5 47. Qg3 Kg7 48. Nfg5 Rbb8 49. Qe1 Ra8 50. Ra7 Nb6 51. Nd6 Rxa7 52. Rxa7 Bxg5 53. Rxf7+ Kg8 54. hxg5 Rc7 55. Rf6 Kh7 56. Qe4 Qg8 57. g4 hxg4 58. Kg3 Qg7 59. Ne8 Qe7 60. Qxg6+ 1-0

[Event "Nova Gorica op 28th"]
[Site "Nova Gorica"]
[Date "2024.01.28"]
[Round "4"]
[White "Centrih, Aleks"]
[Black "Zupancic, Jernej"]
[Result "0-1"]
[WhiteElo "2082"]
[BlackElo "2211"]
[PlyCount "64"]
[EventDate "2024.01.26"]
[EventType "swiss"]
[EventRounds "9"]
[EventCountry "SLO"]
[SourceTitle "CB06_2024"]
[SourceDate "2024.02.07"]
[SourceVersion "1"]
[SourceVersionDate "2024.02.07"]
[SourceQuality "1"]

1. e4 c5 2. Nf3 d6 3. Bb5+ Bd7 4. Bxd7+ Qxd7 5. 0-0 Nc6 6. c4 Nf6 7. Nc3 e6 8. d4 cxd4 9. Nxd4 Be7 10. b3 0-0 11. Bb2 Rfd8 12. Re1 a6 13. Nxc6 bxc6 14. Qf3 e5 15. Ne2 Qc7 16. Ng3 g6 17. Qc3 Nd7 18. f4 a5 19. Kh1 Rab8 20. Rf1 f6 21. Qf3 a4 22. Qg4 Kh8 23. Bc3 axb3 24. axb3 Nc5 25. f5 Qd7 26. b4 Nd3 27. Rab1 d5 28. cxd5 cxd5 29. exd5 g5 30. Ne4 Qxd5 31. Rbd1 Rbc8 32. Nxg5 Nf2+ 0-1

[Event "Nova Gorica op 28th"]
[Site "Nova Gorica"]
[Date "2024.01.27"]
[Round "2"]
[White "Centrih, Aleks"]
[Black "Pagnutti, Lorenzo"]
[Result "1-0"]
[WhiteElo "2082"]
[BlackElo "1859"]
[PlyCount "77"]
[EventDate "2024.01.26"]
[EventType "swiss"]
[EventRounds "9"]
[EventCountry "SLO"]
[SourceTitle "CB06_2024"]
[SourceDate "2024.02.07"]
[SourceVersion "1"]
[SourceVersionDate "2024.02.07"]
[SourceQuality "1"]

1. e4 e5 2. Nf3 Nc6 3. Bc4 Nf6 4. d3 Be7 5. 0-0 d6 6. a4 0-0 7. Re1 Be6 8. Nbd2 h6 9. c3 Bxc4 10. Nxc4 a5 11. Qb3 Qd7 12. Ne3 Rfb8 13. Qb5 Qc8 14. Nd5 Qd8 15. h3 Bf8 16. d4 exd4 17. Nxd4 Nxd4 18. cxd4 c6 19. Nxf6+ Qxf6 20. Qd3 Qg6 21. d5 Re8 22. Bd2 Re5 23. dxc6 bxc6 24. Bc3 Rg5 25. Qf3 Re8 26. Rad1 Qe6 27. Rd3 Qd7 28. Qd1 Qc7 29. f4 Rc5 30. Rg3 d5 31. Bxg7 Bxg7 32. Qd4 f6 33. Qxc5 dxe4 34. Qf5 Qa7+ 35. Ree3 Qd4 36. Kh2 c5 37. Rb3 Kh8 38. Rb7 Rg8 39. Rg6 1-0

[Event "SLO-ch 33rd"]
[Site "Radenci"]
[Date "2023.05.02"]
[Round "9"]
[White "Centrih, Aleks"]
[Black "Suta, Andraz"]
[Result "1/2-1/2"]
[WhiteElo "2072"]
[BlackElo "2294"]
[PlyCount "69"]
[EventDate "2023.04.25"]
[EventType "team-match"]
[EventRounds "9"]
[EventCountry "SLO"]
[SourceTitle "CBM 214 Extra"]
[Source "ChessBase"]
[SourceDate "2023.07.31"]
[SourceVersion "1"]
[SourceVersionDate "2023.07.31"]
[SourceQuality "1"]

1. e4 e5 2. Nf3 Nc6 3. Bc4 Bc5 4. c3 Nf6 5. d3 0-0 6. 0-0 d5 7. exd5 Nxd5 8. a4 Bf5 9. Nbd2 Nb6 10. Bb5 Bxd3 11. Re1 Bg6 12. Bxc6 bxc6 13. Nxe5 Qh4 14. Rf1 Bh5 15. Ndf3 Bxf3 16. Qxf3 Rae8 17. Bf4 Bd6 18. Bg3 Qh6 19. Ng4 Qg6 20. Ne3 Qe4 21. a5 Nc4 22. Qxe4 Rxe4 23. Nxc4 Rxc4 24. Rfd1 Rd8 25. a6 Re4 26. Kf1 Ree8 27. Ra4 Bxg3 28. Rxd8 Rxd8 29. hxg3 Rb8 30. Rc4 Rb6 31. Rd4 Rb8 32. Rc4 Rb6 33. Rd4 Rb8 34. Rc4 Rb6 35. Rd4 1/2-1/2

[Event "SLO-ch 33rd"]
[Site "Radenci"]
[Date "2023.04.28"]
[Round "5"]
[White "Centrih, Aleks"]
[Black "Herega, Nejc"]
[Result "0-1"]
[WhiteElo "2072"]
[BlackElo "2188"]
[PlyCount "106"]
[EventDate "2023.04.25"]
[EventType "team-match"]
[EventRounds "9"]
[EventCountry "SLO"]
[SourceTitle "CBM 214 Extra"]
[Source "ChessBase"]
[SourceDate "2023.07.31"]
[SourceVersion "1"]
[SourceVersionDate "2023.07.31"]
[SourceQuality "1"]

1. e4 c5 2. Nf3 g6 3. c3 d5 4. e5 Bg7 5. Bb5+ Bd7 6. Bxd7+ Qxd7 7. 0-0 Nh6 8. d4 cxd4 9. cxd4 0-0 10. Nc3 Nc6 11. b3 Rac8 12. Be3 Nf5 13. Rc1 f6 14. exf6 Rxf6 15. Na4 Nxe3 16. fxe3 b6 17. Qe2 Rcf8 18. Rcd1 Qe6 19. Nc3 Bh6 20. e4 Nb4 21. a3 Qc6 22. Nxd5 Nxd5 23. exd5 Qxd5 24. Qc4 Qxc4 25. bxc4 Rc8 26. Rfe1 Rc7 27. Re4 Bf4 28. d5 Bd6 29. a4 Rf4 30. Rdd4 Rxe4 31. Rxe4 Rc5 32. Ne5 Bxe5 33. Rxe5 Kf7 34. Re4 Ra5 35. Rf4+ Ke8 36. Rh4 h5 37. Re4 Kd7 38. Re6 Rxa4 39. Rxg6 Rxc4 40. Rg5 h4 41. g4 hxg3 42. hxg3 a5 43. Rg8 Rc8 44. Rg6 Rb8 45. g4 a4 46. Rc6 a3 47. Rc1 a2 48. Kf2 Ra8 49. Ra1 Kd6 50. g5 Kxd5 51. g6 Ke6 52. Ke3 Kf6 53. Kd4 Ra5 0-1

[Event "Nova Gorica op-A 26th"]
[Site "Nova Gorica"]
[Date "2022.09.19"]
[Round "6"]
[White "Sharan, Rao"]
[Black "Centrih, Aleks"]
[Result "1-0"]
[WhiteElo "2312"]
[BlackElo "2095"]
[PlyCount "161"]
[EventDate "2022.09.16"]
[EventType "swiss"]
[EventRounds "9"]
[EventCountry "SLO"]
[SourceTitle "CBM 210 Extra"]
[Source "ChessBase"]
[SourceDate "2022.11.30"]
[SourceVersion "1"]
[SourceVersionDate "2022.11.30"]
[SourceQuality "1"]

1. Nf3 d5 2. b3 Bg4 3. Bb2 Nd7 4. d4 e6 5. e3 Ngf6 6. Be2 Bb4+ 7. c3 Bd6 8. Nbd2 c6 9. c4 Bf5 10. 0-0 h5 11. Ne5 Ng4 12. cxd5 exd5 13. e4 dxe4 14. Ndc4 Bc7 15. g3 Ngf6 16. Qc1 Nd5 17. Ne3 Be6 18. h4 N7f6 19. Ba3 Bd6 20. N3c4 Be7 21. Bc5 0-0 22. Re1 Nb6 23. Na5 Qc7 24. Qg5 Nbd5 25. Nac4 Rfe8 26. Bxh5 Nxh5 27. Qxh5 Nf6 28. Qg5 Bxc5 29. dxc5 Bxc4 30. Nxc4 Nd5 31. Nd6 Re6 32. Rxe4 Rxe4 33. Nxe4 Re8 34. Nd6 Re6 35. h5 Qe7 36. Qg4 Nf6 37. Qf3 Nd5 38. Rf1 b6 39. Nf5 Qf6 40. cxb6 axb6 41. Kg2 Re5 42. Nd4 Qxf3+ 43. Kxf3 c5 44. Nc6 Rxh5 45. Rd1 Rh6 46. Rxd5 Rxc6 47. Rd8+ Kh7 48. Ke4 c4 49. Rd2 c3 50. Rc2 b5 51. a3 Ra6 52. Rxc3 Rxa3 53. Kd4 Ra2 54. f3 Rg2 55. g4 Re2 56. Rc5 Rd2+ 57. Ke3 Rb2 58. Rxb5 Kg6 59. Kd4 Kf6 60. Kc3 Rb1 61. Rd5 Ke6 62. Rd3 f5 63. gxf5+ Kxf5 64. b4 g5 65. Kc4 Kf4 66. b5 Rb2 67. Kc5 Rb1 68. b6 Rb2 69. Kc6 Rc2+ 70. Kb5 Rb2+ 71. Kc5 Rb1 72. Kc6 Rc1+ 73. Kd7 Rb1 74. Kc7 Rc1+ 75. Kb8 Rb1 76. b7 Re1 77. Rc3 Re2 78. Kc7 Re7+ 79. Kb6 Re6+ 80. Ka7 Re7 81. Ka8 1-0

[Event "Nova Gorica op-A 26th"]
[Site "Nova Gorica"]
[Date "2022.09.17"]
[Round "3"]
[White "Centrih, Aleks"]
[Black "Azinovic, Igor"]
[Result "1-0"]
[WhiteElo "2095"]
[BlackElo "1814"]
[PlyCount "97"]
[EventDate "2022.09.16"]
[EventType "swiss"]
[EventRounds "9"]
[EventCountry "SLO"]
[SourceTitle "CBM 210 Extra"]
[Source "ChessBase"]
[SourceDate "2022.11.30"]
[SourceVersion "1"]
[SourceVersionDate "2022.11.30"]
[SourceQuality "1"]

1. e4 c5 2. Nf3 d6 3. Bb5+ Nc6 4. 0-0 Bd7 5. c3 Nf6 6. Re1 a6 7. Bf1 Bg4 8. d3 Ne5 9. Nbd2 d5 10. Be2 Nxf3+ 11. Bxf3 Bxf3 12. Qxf3 dxe4 13. dxe4 e5 14. Nc4 Qc7 15. Bg5 Be7 16. Qf5 Nd7 17. Bxe7 Kxe7 18. Rad1 Rad8 19. Qg5+ Nf6 20. Rd5 h6 21. Qxe5+ Qxe5 22. Rxe5+ Kf8 23. Rxc5 Nxe4 24. Rc7 b5 25. f3 Ng5 26. Na5 Ne6 27. Ra7 Rd6 28. Nb7 Rd7 29. Ra8+ Ke7 30. Rxh8 Rxb7 31. Ra8 Rb6 32. Ra7+ Kf6 33. Rd1 Nc5 34. Rc7 Ne6 35. Rcd7 a5 36. Ra7 a4 37. Rdd7 Nc5 38. Rxf7+ Ke5 39. Rae7+ Kd5 40. Rxg7 Nd3 41. Rd7+ Rd6 42. Rxd6+ Kxd6 43. b3 axb3 44. axb3 Nc1 45. c4 b4 46. Rb7 Nd3 47. Rb5 Kc6 48. g3 Kd6 49. Rd5+ 1-0

[Event "Portoroz Nat Festival 30th"]
[Site "Portoroz"]
[Date "2020.09.06"]
[Round "5"]
[White "Centrih, Aleks"]
[Black "Kastelic, Marian"]
[Result "0-1"]
[WhiteElo "1705"]
[BlackElo "2286"]
[PlyCount "110"]
[EventDate "2020.09.03"]
[EventType "swiss"]
[EventRounds "9"]
[EventCountry "SLO"]
[SourceTitle "CBM 198 Extra"]
[Source "ChessBase"]
[SourceDate "2020.11.30"]
[SourceVersion "1"]
[SourceVersionDate "2020.11.30"]
[SourceQuality "1"]

1. e4 e5 2. Nf3 Nc6 3. Bc4 Be7 4. d4 exd4 5. Nxd4 Bf6 6. Be3 Nge7 7. Nc3 d6 8. 0-0 0-0 9. h3 a6 10. a4 Na5 11. Ba2 c5 12. Nf3 Nec6 13. Bf4 Nd4 14. Nxd4 Bxd4 15. Qd3 Be6 16. Bd5 Qf6 17. Be3 Bxc3 18. bxc3 Bxd5 19. exd5 Rfe8 20. Rab1 Qh4 21. Rb6 Rad8 22. Ra1 Rd7 23. Qf5 Qe7 24. Re1 g6 25. Qg4 f5 26. Qg3 Qe5 27. Bd2 Qxg3 28. Rxe8+ Kf7 29. fxg3 Kxe8 30. Bf4 Nc4 31. Rb1 Re7 32. Kf2 b6 33. g4 fxg4 34. hxg4 Kd7 35. g3 Kc7 36. g5 b5 37. axb5 a5 38. b6+ Kb7 39. Kf3 a4 40. Kf2 Ka6 41. Ra1 Ka5 42. Kf3 a3 43. Rb1 Rb7 44. Ke2 Rxb6 45. Ra1 Rb7 46. Bc1 Ka4 47. Kd3 Nb2+ 48. Ke2 Re7+ 49. Kf3 Nc4 50. Bf4 Kb5 51. Bc1 Re1 52. Kf2 Rh1 53. Ke2 a2 54. Kd3 Ne5+ 55. Ke2 Rg1 0-1

[Event "Maribor Pirc Memorial U16 23rd"]
[Site "Maribor"]
[Date "2020.08.13"]
[Round "3"]
[White "Centrih, Aleks"]
[Black "Drevensek, Doroteja"]
[Result "1-0"]
[WhiteElo "1733"]
[BlackElo "1390"]
[PlyCount "123"]
[EventDate "2020.08.12"]
[EventType "tourn"]
[EventRounds "9"]
[EventCountry "SLO"]
[SourceTitle "EXT 2021"]
[Source "ChessBase"]
[SourceDate "2020.10.23"]
[SourceVersion "1"]
[SourceVersionDate "2020.10.23"]
[SourceQuality "1"]

1. e4 e5 2. Nf3 d6 3. Bc4 Be7 4. 0-0 Nf6 5. Re1 0-0 6. h3 c6 7. d4 Nbd7 8. Bf1 b5 9. c3 a6 10. a4 Bb7 11. Nbd2 Re8 12. axb5 axb5 13. Rxa8 Bxa8 14. Bd3 Bf8 15. Nf1 Qb6 16. Ng3 g6 17. Be3 Qb8 18. Bc2 exd4 19. cxd4 c5 20. Bf4 cxd4 21. Qxd4 Ne5 22. Bxe5 dxe5 23. Qe3 Rc8 24. Bb3 Bc5 25. Qg5 Qb6 26. Re2 Qd6 27. Nf5 Qb6 28. Nxe5 Bxf2+ 29. Rxf2 Qxf2+ 30. Kxf2 Nxe4+ 31. Kf1 Nxg5 32. Ne7+ Kg7 33. Nxc8 f6 34. Nd3 Ne4 35. Be6 f5 36. Bd7 Bb7 37. Na7 Ng3+ 38. Kf2 Ne4+ 39. Kg1 Nd6 40. Bc6 Bxc6 41. Nxc6 Kf6 42. Nd4 h6 43. Kf2 g5 44. Ke3 Nc4+ 45. Kf3 Nd6 46. Nb4 h5 47. Nbc6 Kg6 48. Na7 g4+ 49. Kf4 Nc4 50. Naxb5 Nxb2 51. h4 Nd3+ 52. Ke3 Ne5 53. Nd6 Kf6 54. N6xf5 Ng6 55. g3 Ne5 56. Nd6 Ng6 57. Ke4 Ne7 58. Ne8+ Kf7 59. Nc7 Kf6 60. Nd5+ Nxd5 61. Kxd5 Kg6 62. Ke6 1-0

[Event "Maribor Pirc Memorial U16 23rd"]
[Site "Maribor"]
[Date "2020.08.12"]
[Round "1"]
[White "Centrih, Aleks"]
[Black "Kodric, Gasper"]
[Result "1-0"]
[WhiteElo "1733"]
[BlackElo "1581"]
[PlyCount "77"]
[EventDate "2020.08.12"]
[EventType "tourn"]
[EventRounds "9"]
[EventCountry "SLO"]
[SourceTitle "EXT 2021"]
[Source "ChessBase"]
[SourceDate "2020.10.23"]
[SourceVersion "1"]
[SourceVersionDate "2020.10.23"]
[SourceQuality "1"]

1. e4 c6 2. d4 d5 3. e5 c5 4. dxc5 e6 5. Be3 Nd7 6. Bb5 Ne7 7. c3 a6 8. Bxd7+ Bxd7 9. Nf3 Nf5 10. Bd4 Qc7 11. b4 a5 12. 0-0 Be7 13. a3 0-0 14. Nbd2 f6 15. Qe2 Nxd4 16. cxd4 b6 17. Rfc1 Rfc8 18. c6 Be8 19. b5 f5 20. Qe3 h5 21. Ng5 Bf7 22. Ndf3 g6 23. Nxf7 Kxf7 24. Ng5+ Bxg5 25. Qxg5 Qe7 26. Qxe7+ Kxe7 27. a4 h4 28. h3 f4 29. g3 f3 30. Kh2 Rf8 31. Rc3 Rf5 32. c7 Kd7 33. Rac1 Rff8 34. c8Q+ Raxc8 35. Rxc8 hxg3+ 36. Kxg3 Rxc8 37. Rxc8 Kxc8 38. Kg4 Kd7 39. Kg5 1-0

[Event "SLO-ch 29th"]
[Site "Radenci"]
[Date "2019.04.28"]
[Round "3"]
[White "Mohar, Martin"]
[Black "Centrih, Aleks"]
[Result "1-0"]
[WhiteElo "1657"]
[BlackElo "1642"]
[PlyCount "75"]
[EventDate "2019.04.27"]
[EventType "swiss"]
[EventRounds "9"]
[EventCountry "SLO"]
[SourceTitle "CBM 190 Extra"]
[Source "ChessBase"]
[SourceDate "2019.07.15"]
[SourceVersion "1"]
[SourceVersionDate "2019.07.15"]
[SourceQuality "1"]

1. d4 Nf6 2. c4 g6 3. g3 Bg7 4. Bg2 0-0 5. Nc3 d6 6. Nf3 Nc6 7. 0-0 e5 8. d5 Ne7 9. c5 h6 10. cxd6 cxd6 11. Qb3 Nh7 12. e4 f5 13. Nd2 Nf6 14. Nc4 Kh8 15. f3 Neg8 16. Bd2 Ne8 17. a4 b6 18. Rfc1 Ba6 19. Na3 Nc7 20. Ncb5 Nxb5 21. Nxb5 Qd7 22. Nc7 Bb7 23. Nxa8 Rxa8 24. Rc2 Bf6 25. Rac1 Bd8 26. Bb4 Nf6 27. Bf1 b5 28. Bxb5 Bb6+ 29. Kg2 Qf7 30. Bc6 Bxc6 31. Rxc6 fxe4 32. Bxd6 exf3+ 33. Qxf3 Qxd5 34. Qxd5 Nxd5 35. Bxe5+ Kg8 36. Rc8+ Rxc8 37. Rxc8+ Kf7 38. Rc6 1-0

[Event "SLO-CupT"]
[Site "Dobrna"]
[Date "2019.04.12"]
[Round "1"]
[White "Medvesek, Janez"]
[Black "Centrih, Aleks"]
[Result "1/2-1/2"]
[WhiteElo "1785"]
[BlackElo "1642"]
[PlyCount "45"]
[EventDate "2019.04.12"]
[EventType "team-swiss"]
[EventRounds "5"]
[EventCountry "SLO"]
[SourceTitle "EXT 2020"]
[Source "ChessBase"]
[SourceDate "2019.10.17"]
[SourceVersion "1"]
[SourceVersionDate "2019.10.17"]
[SourceQuality "1"]
[WhiteTeam "Zagorje ob Savi"]
[BlackTeam "Maribor ZSK"]
[WhiteTeamCountry "SLO"]
[BlackTeamCountry "SLO"]

1. d4 Nf6 2. c4 g6 3. Nc3 Bg7 4. e4 d6 5. Nf3 0-0 6. Be2 e5 7. 0-0 Nc6 8. d5 Ne7 9. Ne1 Nd7 10. Be3 f5 11. f3 f4 12. Bf2 g5 13. Rc1 Ng6 14. Nb5 b6 15. b4 Rf7 16. c5 Nf6 17. cxd6 cxd6 18. Qc2 Bf8 19. Nc7 Rb8 20. Na6 Ra8 21. Nc7 Rb8 22. Na6 Ra8 23. Nc7 1/2-1/2

[Event "Ptuj op"]
[Site "Ptuj"]
[Date "2018.08.15"]
[Round "9"]
[White "Centrih, Aleks"]
[Black "Krumpacnik, Domen"]
[Result "0-1"]
[WhiteElo "1289"]
[BlackElo "2346"]
[PlyCount "30"]
[EventDate "2018.08.07"]
[EventType "swiss"]
[EventRounds "9"]
[EventCountry "SLO"]
[SourceTitle "CBM 186 Extra"]
[Source "ChessBase"]
[SourceDate "2018.08.24"]
[SourceVersion "1"]
[SourceVersionDate "2018.08.24"]
[SourceQuality "1"]

1. e4 c5 2. Nf3 g6 3. b3 Bg7 4. Nc3 Nf6 5. e5 Ng4 6. d4 Qa5 7. h3 cxd4 8. hxg4 Qxc3+ 9. Bd2 Qc5 10. Qe2 Nc6 11. 0-0-0 d6 12. Kb1 dxe5 13. g5 e4 14. Ne1 d3 15. cxd3 Qd4 0-1

[Event "Ptuj op"]
[Site "Ptuj"]
[Date "2018.08.11"]
[Round "5"]
[White "Nikolic, Stanko"]
[Black "Centrih, Aleks"]
[Result "1-0"]
[WhiteElo "1845"]
[BlackElo "1289"]
[PlyCount "41"]
[EventDate "2018.08.07"]
[EventType "swiss"]
[EventRounds "9"]
[EventCountry "SLO"]
[SourceTitle "CBM 186 Extra"]
[Source "ChessBase"]
[SourceDate "2018.08.24"]
[SourceVersion "1"]
[SourceVersionDate "2018.08.24"]
[SourceQuality "1"]

1. e4 e5 2. Nf3 Nc6 3. d4 exd4 4. Nxd4 Nf6 5. Nxc6 bxc6 6. Bd3 Bc5 7. 0-0 0-0 8. e5 Nd5 9. a3 a5 10. c4 Nb6 11. Nc3 Bd4 12. Bxh7+ Kxh7 13. Qxd4 Ba6 14. Re1 Bxc4 15. Ne4 Rh8 16. Re3 Be6 17. Rg3 Nd5 18. Bg5 Qe8 19. Qd3 g6 20. Bf6 Bf5 21. Rh3+ 1-0